[Event "Prva liga Centralne Srbije 2007"]
[Site "Vrnjacka Banja"]
[Date "2007.10.07"]
[Round "5.2"]
[White "Misailovic, Nebojsa"]
[Black "Ristic, Nebojsa M"]
[Result "1/2-1/2"]
[WhiteElo "2318"]
[BlackElo "2371"]
[PlyCount "111"]
[EventDate "2007.09.09"]

1. e4 c5 2. Nc3 Nc6 3. g3 g6 4. Bg2 Bg7 5. d3 d6 6. Be3 e5 7. Qd2 Nge7 8. Bh6
Bxh6 9. Qxh6 Qb6 10. Nd1 Bg4 11. f3 Nd4 12. Qd2 Bd7 13. c3 Ne6 14. Ne3 f5 15.
Ne2 Bc6 16. O-O O-O 17. exf5 gxf5 18. f4 Bxg2 19. Kxg2 Qc6+ 20. Kg1 Ng6 21. Ng2
Rae8 22. Rf2 Re7 23. Raf1 Ng7 24. fxe5 dxe5 25. Qg5 Ref7 26. d4 cxd4 27. cxd4
Ne6 28. Qe3 f4 29. gxf4 exf4 30. Nexf4 Nexf4 31. Rxf4 Nxf4 32. Rxf4 Re8 33. Qd2
Rg7 34. h3 Qa6 35. Rg4 Rxg4 36. hxg4 Qg6 37. Qf4 Rf8 38. Qe3 Qb1+ 39. Kh2 Qxb2
40. Qe5 Qb6 41. d5 Qf6 42. Qe4 Qd6+ 43. Kh3 Rf1 44. Ne3 Rf4 45. Qe8+ Rf8 46.
Qe4 Qg6 47. Nf5 Qf6 48. d6 h5 49. Ne7+ Kg7 50. gxh5 Qf1+ 51. Kg4 Qg1+ 52. Kh4
Qf2+ 53. Kg4 Qg1+ 54. Kh4 Qh2+ 55. Kg4 Qg1+ 56. Kh4 1/2-1/2

[Event "Prva liga Centralne Srbije 2007"]
[Site "Vrnjacka Banja"]
[Date "2007.10.07"]
[Round "5.2"]
[White "Milenkovic, Mladen"]
[Black "Stankovic, Dragan P"]
[Result "1/2-1/2"]
[WhiteElo "2307"]
[BlackElo "2315"]
[PlyCount "127"]
[EventDate "2007.09.09"]

1. e4 c5 2. Nf3 e6 3. d4 cxd4 4. Nxd4 Nf6 5. Nc3 Nc6 6. Ndb5 d6 7. Bf4 e5 8.
Bg5 a6 9. Bxf6 gxf6 10. Na3 f5 11. exf5 Bxf5 12. Nc4 Be6 13. Ne3 Bg7 14. Qh5 d5
15. O-O-O Qa5 16. Nexd5 O-O-O 17. Bc4 b5 18. Bb3 Kb8 19. Ne3 e4 20. Qc5 Nd4 21.
Ned5 Nxb3+ 22. cxb3 Bxd5 23. b4 Qc7 24. Qxc7+ Kxc7 25. Nxd5+ Kb7 26. Ne3 Bd4
27. Nf5 Bxf2 28. Nd6+ Kc6 29. Nxe4 Be3+ 30. Kc2 f5 31. Ng3 f4 32. Nf5 Rhf8 33.
g4 Bb6 34. Rhf1 Rxd1 35. Kxd1 Bc7 36. Ke2 h5 37. h3 hxg4 38. hxg4 Kd5 39. Kf3
Rh8 40. Rd1+ Ke5 41. Re1+ Kf6 42. Rc1 Be5 43. Ke4 Bxb2 44. Rc2 Re8+ 45. Kxf4
Be5+ 46. Kf3 Re6 47. a3 Ba1 48. Rh2 Ke5 49. Re2+ Kf6 50. Rxe6+ Kxe6 51. Ke4 Bb2
52. Nd4+ Kd6 53. Nc2 Ke6 54. g5 Bc1 55. g6 Kf6 56. Kd5 Kxg6 57. Kc6 Kf5 58. Kb6
Ke4 59. Kxa6 Kd3 60. Kxb5 Kxc2 61. a4 Kb3 62. a5 Be3 63. a6 Ba7 64. Kc6 1/2-1/2

[Event "Prva liga Centralne Srbije 2007"]
[Site "Vrnjacka Banja"]
[Date "2007.10.07"]
[Round "5.2"]
[White "Milosevic, Slavisa"]
[Black "Civric, Zdravko"]
[Result "1-0"]
[WhiteElo "2272"]
[BlackElo "2190"]
[PlyCount "77"]
[EventDate "2007.09.09"]

1. e4 c5 2. Nf3 Nc6 3. d4 cxd4 4. Nxd4 e5 5. Nb5 d6 6. c4 f5 7. exf5 Bxf5 8.
Bd3 Bxd3 9. Qxd3 Be7 10. O-O Nf6 11. N1c3 a6 12. Na3 O-O 13. Nc2 Kh8 14. Bg5
Nh5 15. Be3 Nf4 16. Qd2 Rc8 17. Rac1 Qe8 18. Nd5 Bg5 19. Bxf4 Bxf4 20. Nxf4
Rxf4 21. Ne3 Nd4 22. Nd5 Rg4 23. f3 Rg6 24. f4 Rh6 25. h3 b5 26. fxe5 dxe5 27.
Ne3 Rd6 28. Qe1 e4 29. Kh1 bxc4 30. Nxc4 Rdc6 31. b3 Qe6 32. Rf4 Re8 33. Rd1
Nf5 34. Ne3 g6 35. Qf2 Rf8 36. Rf1 Rc5 37. g4 Ng3+ 38. Qxg3 Rxf4 39. Qxf4 1-0

[Event "Prva liga Centralne Srbije 2007"]
[Site "Vrnjacka Banja"]
[Date "2007.10.07"]
[Round "5.2"]
[White "Minic, Miroslav"]
[Black "Jokovic, Dragan"]
[Result "0-1"]
[WhiteElo "2086"]
[BlackElo "2164"]
[PlyCount "115"]
[EventDate "2007.09.09"]

1. e4 c5 2. Nf3 Nc6 3. Bb5 d6 4. O-O Bd7 5. c3 a6 6. Ba4 b5 7. Bc2 e5 8. d4 Nf6
9. Re1 Bg4 10. d5 Na5 11. Nbd2 Be7 12. b4 Nb7 13. a4 c4 14. Nf1 O-O 15. h3 Bxf3
16. Qxf3 Qd7 17. Ng3 g6 18. Bg5 Kg7 19. Qe3 Ng8 20. Bxe7 Nxe7 21. Ra2 a5 22.
Rea1 bxa4 23. Rxa4 Qc7 24. h4 f6 25. Bd1 Nc8 26. bxa5 Rxa5 27. Be2 Rxa4 28.
Rxa4 Nb6 29. Rb4 Nc5 30. Bxc4 Ra8 31. Bb5 Rf8 32. Bc6 Nc8 33. Ba4 Ne7 34. c4
Qa5 35. Qa3 Ra8 36. Kh2 Ra7 37. h5 Nxa4 38. h6+ Kxh6 39. Rb5 Qc7 40. Qf3 Kg7
41. Nf1 Nc5 42. Ne3 Qd7 43. Rb8 Rb7 44. Ra8 Rc7 45. Qg3 Nxe4 46. Qh4 Ng5 47. f4
exf4 48. Qxf4 Nf5 49. Nxf5+ gxf5 50. Ra6 Qe7 51. Rc6 Rd7 52. Qxf5 Qe5+ 53. Qxe5
fxe5 54. Kg3 Kf6 55. Rc8 Nf7 56. Kg4 Re7 57. Kf3 h5 58. Ke3 0-1

[Event "Prva liga Centralne Srbije 2007"]
[Site "Vrnjacka Banja"]
[Date "2007.10.07"]
[Round "5.3"]
[White "Savicevic, Vlatko"]
[Black "Kojovic, Dragan"]
[Result "0-1"]
[WhiteElo "2326"]
[BlackElo "2407"]
[PlyCount "82"]
[EventDate "2007.09.09"]

1. e4 c5 2. Nf3 Nc6 3. d4 cxd4 4. Nxd4 Qc7 5. Nc3 e6 6. g3 a6 7. Bg2 Nf6 8. Nb3
b5 9. O-O Bb7 10. f4 d6 11. Be3 Be7 12. a3 Nd7 13. Qe2 Bf6 14. Rad1 Bxc3 15.
bxc3 Nb6 16. e5 dxe5 17. Bc5 Na4 18. Qe3 Nd8 19. Bd6 Qb6 20. Qxb6 Nxb6 21. Bxe5
Bxg2 22. Kxg2 O-O 23. Na5 Nd5 24. Rf3 Rc8 25. f5 Nc6 26. Nxc6 Rxc6 27. fxe6
fxe6 28. Rxf8+ Kxf8 29. Kf3 Rc4 30. Rd3 Kf7 31. Bd4 g5 32. h4 gxh4 33. gxh4 Ne7
34. h5 Nc6 35. Bh8 Ke7 36. Kg3 Rc5 37. Kg4 Rf5 38. h6 Nd8 39. Bg7 Nf7 40. Rd4
Rg5+ 41. Kh4 Rf5 0-1

[Event "Prva liga Centralne Srbije 2007"]
[Site "Vrnjacka Banja"]
[Date "2007.10.07"]
[Round "5.3"]
[White "Solomunovic, Igor"]
[Black "Simic, Dragisa"]
[Result "1-0"]
[WhiteElo "2396"]
[BlackElo "2333"]
[PlyCount "87"]
[EventDate "2007.09.09"]

1. e4 c5 2. Nf3 d6 3. Bc4 Nf6 4. d3 e6 5. Bb3 Nc6 6. c3 d5 7. e5 Nd7 8. d4 f6
9. O-O Qc7 10. Re1 cxd4 11. cxd4 fxe5 12. dxe5 Bc5 13. Bf4 O-O 14. Bg3 Nb6 15.
Nc3 a6 16. Rc1 Be7 17. Bc2 Bd7 18. Qd3 Rf5 19. Bb1 Raf8 20. Qd1 Rxf3 21. gxf3
Be8 22. f4 Bg6 23. Qg4 Bf5 24. Bxf5 Rxf5 25. Ne2 Qd7 26. Rxc6 bxc6 27. Nd4 h5
28. Qg6 h4 29. Nxe6 Rf7 30. f5 hxg3 31. hxg3 Nc4 32. Kg2 Nxe5 33. Rxe5 d4 34.
g4 d3 35. Re1 Qd5+ 36. f3 Qxa2 37. Rh1 Qxb2+ 38. Kg3 Bd6+ 39. f4 Re7 40. Qh7+
Kf7 41. Qg6+ Kg8 42. Qh7+ Kf7 43. Qh5+ Kg8 44. Qh8+ 1-0

[Event "Prva liga Centralne Srbije 2007"]
[Site "Vrnjacka Banja"]
[Date "2007.10.07"]
[Round "5.3"]
[White "Pavlovic, Nebojsa"]
[Black "Rabrenovic, Vladan"]
[Result "1/2-1/2"]
[WhiteElo "2337"]
[BlackElo "2312"]
[PlyCount "66"]
[EventDate "2007.09.09"]

1. e4 d6 2. d4 Nf6 3. Nc3 e5 4. dxe5 dxe5 5. Qxd8+ Kxd8 6. Nf3 Bd6 7. Bc4 Ke7
8. Bg5 c6 9. O-O-O Bc7 10. Nh4 h6 11. Be3 Bb6 12. Rhe1 g6 13. g3 Bxe3+ 14. Rxe3
b5 15. Be2 Rd8 16. Rxd8 Kxd8 17. Ng2 Be6 18. Ne1 Nbd7 19. Nd3 Ng4 20. Bxg4 Bxg4
21. a3 Kc7 22. Nb1 a5 23. Nd2 Be6 24. f4 f6 25. Nf3 Kd6 26. Re1 Bc4 27. Nh4
Bxd3 28. cxd3 Rg8 29. Kd2 Nc5 30. Ke3 Nb3 31. Rf1 c5 32. fxe5+ Kxe5 33. Nf3+
Ke6 1/2-1/2

[Event "Prva liga Centralne Srbije 2007"]
[Site "Vrnjacka Banja"]
[Date "2007.10.07"]
[Round "5.3"]
[White "Irizanin, Radoje"]
[Black "Adzic, Momcilo"]
[Result "1-0"]
[WhiteElo "2325"]
[BlackElo "2248"]
[PlyCount "115"]
[EventDate "2007.09.09"]

1. d4 Nf6 2. Nf3 e6 3. e3 d5 4. Bd3 Be7 5. Nbd2 O-O 6. Qe2 c5 7. c3 Nc6 8. O-O
Qc7 9. dxc5 Bxc5 10. e4 Ne5 11. Nxe5 Qxe5 12. Nf3 Qh5 13. e5 Nd7 14. Bd2 f6 15.
exf6 Rxf6 16. Rae1 Bd6 17. h3 e5 18. Nh2 Qxe2 19. Bxe2 Rf8 20. c4 d4 21. Nf3 b6
22. Ng5 Nf6 23. Bd3 h6 24. Ne4 Bf5 25. b3 Nxe4 26. Bxe4 Bxe4 27. Rxe4 Rad8 28.
Rd1 Rf7 29. Be1 Rdf8 30. Kf1 Rf4 31. Rxf4 Rxf4 32. f3 Kf7 33. Bd2 Rf5 34. Ke2
Ke6 35. Kd3 Be7 36. b4 Bg5 37. a4 Rf7 38. Bxg5 hxg5 39. a5 Kd6 40. axb6 axb6
41. Ra1 Kc6 42. Ra8 Re7 43. Ke4 Kb7 44. Rf8 Rd7 45. Kd3 Kc6 46. Rf5 b5 47. Rxe5
bxc4+ 48. Kxc4 d3 49. Re6+ Kc7 50. Re1 d2 51. Rd1 Kc6 52. Kc3 Re7 53. Rxd2 Re1
54. Kc4 Rc1+ 55. Kd4 Rb1 56. Ke5 Rxb4 57. Kf5 Rb5+ 58. Kg6 1-0

[Event "Prva liga Centralne Srbije 2007"]
[Site "Vrnjacka Banja"]
[Date "2007.10.07"]
[Round "5.3"]
[White "Semenov, Aleksandar"]
[Black "Colovic, Dusan"]
[Result "0-1"]
[WhiteElo "2264"]
[BlackElo "2356"]
[PlyCount "104"]
[EventDate "2007.09.09"]

1. c4 e5 2. Nc3 d6 3. g3 Be6 4. Bg2 c6 5. d3 Nf6 6. Nf3 h6 7. O-O Nbd7 8. e4
Be7 9. b3 O-O 10. d4 Bg4 11. h3 Bh5 12. g4 Bg6 13. Re1 Bh7 14. Bb2 Re8 15. Qd2
Bf8 16. Rad1 exd4 17. Nxd4 Nc5 18. Nf5 Bxf5 19. exf5 Rxe1+ 20. Rxe1 Qa5 21. Qd1
Re8 22. Rxe8 Nxe8 23. a3 Qd8 24. b4 Nd7 25. Ne4 Ndf6 26. Ng3 a6 27. f4 Nh7 28.
Bd4 Be7 29. Qd2 Bh4 30. Ne4 Nhf6 31. Nc3 Nd7 32. Be3 Qe7 33. a4 Nc7 34. b5 axb5
35. axb5 cxb5 36. cxb5 b6 37. Bc6 Nc5 38. Kg2 Bf6 39. Bxc5 dxc5 40. Na4 c4 41.
Nxb6 c3 42. Qc2 Qd6 43. g5 Bd4 44. Nc4 Qxf4 45. gxh6 gxh6 46. b6 Na6 47. Bf3
Nb4 48. Qe4 Qg5+ 49. Bg4 c2 50. b7 Ba7 51. f6 c1=Q 52. Qe8+ Kh7 0-1

[Event "Prva liga Centralne Srbije 2007"]
[Site "Vrnjacka Banja"]
[Date "2007.10.07"]
[Round "5.3"]
[White "Mirkovic, Stevan"]
[Black "Draskovic, Dragan"]
[Result "0-1"]
[WhiteElo "2226"]
[BlackElo "2154"]
[PlyCount "113"]
[EventDate "2007.09.09"]

1. Nf3 Nf6 2. c4 g6 3. Nc3 d5 4. Qa4+ c6 5. cxd5 Nxd5 6. Nxd5 Qxd5 7. e4 Qd8 8.
d4 Bg7 9. Be3 O-O 10. Rd1 Nd7 11. Be2 Nf6 12. Qc2 Ng4 13. Bg5 h6 14. Bc1 Nf6
15. O-O Be6 16. b3 Qa5 17. Ne5 Rad8 18. Be3 Nd7 19. Nc4 Qc7 20. b4 f5 21. f3 f4
22. Bf2 g5 23. Na5 Qb8 24. Rc1 Nb6 25. Rfd1 Kh8 26. b5 cxb5 27. Bxb5 Rc8 28.
Qb2 Rxc1 29. Rxc1 Bc8 30. d5 g4 31. fxg4 Bxg4 32. Qb4 Qe5 33. Nb3 f3 34. g3 Nc8
35. Rc2 Nd6 36. Bd3 Qh5 37. Bd4 b6 38. Bxg7+ Kxg7 39. Qd4+ Kg8 40. Rf2 Qg5 41.
Bf1 h5 42. e5 Nf5 43. Qd2 Qg6 44. h3 Bxh3 45. Bxh3 Qxg3+ 46. Kf1 Qxh3+ 47. Ke1
Qg3 48. Kd1 Rc8 49. Rf1 Qg4 50. d6 exd6 51. Qd5+ Kh8 52. Qd3 f2+ 53. Kd2 Qf4+
54. Kd1 Ne3+ 55. Ke2 Nxf1 56. Kxf1 Qxe5 57. Qg6 0-1

[Event "Prva liga Centralne Srbije 2007"]
[Site "Vrnjacka Banja"]
[Date "2007.10.07"]
[Round "5.4"]
[White "Petkov, Vladimir"]
[Black "Markovic, Zoran S"]
[Result "1/2-1/2"]
[WhiteElo "2520"]
[BlackElo "2379"]
[PlyCount "77"]
[EventDate "2007.09.09"]

1. d4 d5 2. c4 e6 3. Nc3 Nf6 4. Bg5 Be7 5. cxd5 exd5 6. e3 c6 7. Bd3 O-O 8. Qc2
Nbd7 9. Nge2 Re8 10. Bh4 Nf8 11. f3 Be6 12. Bf2 Rc8 13. O-O a6 14. Kh1 b5 15.
a3 c5 16. dxc5 Bxc5 17. Qd2 N8d7 18. Rad1 Ne5 19. Bh4 Be7 20. Nf4 Nc4 21. Qe2
Qa5 22. Bxf6 Bxf6 23. Ncxd5 Be5 24. Nxe6 fxe6 25. Bxc4 bxc4 26. Nb4 Qb5 27. f4
Bf6 28. e4 a5 29. Nc2 Qxb2 30. e5 Be7 31. Rb1 Qa2 32. Qe4 c3 33. f5 exf5 34.
Qxf5 Rf8 35. Qe4 Rxf1+ 36. Rxf1 Qc4 37. Qxc4+ Rxc4 38. g3 Re4 39. Rf3 1/2-1/2

[Event "Prva liga Centralne Srbije 2007"]
[Site "Vrnjacka Banja"]
[Date "2007.10.07"]
[Round "5.4"]
[White "Organdziev, Oliver"]
[Black "Manic, Jovica"]
[Result "0-1"]
[WhiteElo "2258"]
[BlackElo "2266"]
[PlyCount "116"]
[EventDate "2007.09.09"]

1. e4 c6 2. d4 g6 3. Nf3 d5 4. e5 Bg4 5. Be2 e6 6. O-O h5 7. c4 Nd7 8. Nc3 Be7
9. h3 Bxf3 10. Bxf3 dxc4 11. a4 a5 12. Qe2 Nb6 13. Rd1 Qc7 14. Ne4 Kf8 15. Bg5
Bxg5 16. Nxg5 Ne7 17. Be4 Nf5 18. Bxf5 gxf5 19. h4 Rd8 20. Nh3 Qe7 21. g3 Qb4
22. Qc2 Nd5 23. Ra3 b5 24. Rda1 Ra8 25. Ng5 Nb6 26. Rf3 Nxa4 27. b3 Nb6 28.
bxc4 Nxc4 29. Rc3 Rd8 30. Nf3 Rg8 31. Qc1 a4 32. Rb1 Qe7 33. Rxc4 bxc4 34. Qh6+
Ke8 35. Ng5 a3 36. Ra1 Rxd4 37. Nh7 Kd8 38. Nf6 Rf8 39. Qc1 Kc7 40. Rxa3 Qc5
41. Qa1 Rb8 42. Ra7+ Kd8 43. Ra8 Rxa8 44. Qxa8+ Kc7 45. Ne8+ Kb6 46. Qb8+ Ka5
47. Qa8+ Kb4 48. Nc7 Kb3 49. Qa1 Rd2 50. Qb1+ Rb2 51. Qd1+ Rc2 52. Qb1+ Kc3 53.
Qa1+ Kd2 54. Kg2 c3 55. Qa4 Qxe5 56. Qa7 Qe4+ 57. Kh2 Ke1 58. Kg1 Qf3 0-1

[Event "Prva liga Centralne Srbije 2007"]
[Site "Vrnjacka Banja"]
[Date "2007.10.07"]
[Round "5.4"]
[White "Nikolic, Boban"]
[Black "Panic, Nenad"]
[Result "1/2-1/2"]
[WhiteElo "2224"]
[BlackElo "2361"]
[PlyCount "117"]
[EventDate "2007.09.09"]

1. e4 c5 2. Nf3 e6 3. b3 Nc6 4. Bb2 d6 5. Bb5 Bd7 6. O-O Nf6 7. Re1 Be7 8. d4
cxd4 9. Nxd4 O-O 10. Bxc6 bxc6 11. c4 Qc7 12. Nc3 c5 13. Nf3 Rfd8 14. Qe2 Bc6
15. e5 Nd7 16. exd6 Qxd6 17. Rad1 Qb8 18. Ne4 Qb7 19. Neg5 Nf8 20. Rxd8 Rxd8
21. Qe3 h6 22. Ne4 Ng6 23. h4 Bxe4 24. Qxe4 Qxe4 25. Rxe4 Rd1+ 26. Kh2 h5 27.
g3 Nf8 28. Kg2 Nd7 29. Re2 Bf6 30. Bxf6 gxf6 31. Rd2 Rxd2 32. Nxd2 f5 33. Nb1
Kf8 34. Nc3 Ke7 35. Kf3 a6 36. Ke3 Ne5 37. Ne2 Ng4+ 38. Kf3 Ne5+ 39. Ke3 Ng4+
40. Kf3 Kd6 41. Nf4 Nf6 42. Nh3 e5 43. Ng5 Ke7 44. Ke2 Ne8 45. Nf3 f6 46. Ne1
Kd6 47. Nc2 a5 48. Ne3 Ke6 49. Nd5 Nd6 50. f3 a4 51. Nc7+ Kd7 52. Nd5 axb3 53.
axb3 Ke6 54. Nc7+ Kd7 55. Nd5 Ke6 56. Nc7+ Kd7 57. Nd5 Ke6 58. Nc7+ Kd7 59. Nd5
1/2-1/2

[Event "Prva liga Centralne Srbije 2007"]
[Site "Vrnjacka Banja"]
[Date "2007.10.07"]
[Round "5.4"]
[White "Jovic, Stanoje"]
[Black "Todorovic, Bojan"]
[Result "0-1"]
[WhiteElo "2295"]
[BlackElo "2275"]
[PlyCount "44"]
[EventDate "2007.09.09"]

1. c4 g6 2. g3 Bg7 3. Bg2 Nf6 4. Nc3 O-O 5. Nf3 d6 6. O-O c6 7. d3 a6 8. Bd2 b5
9. b4 a5 10. a3 axb4 11. axb4 Rxa1 12. Qxa1 bxc4 13. dxc4 Ne4 14. Qa3 Nxd2 15.
Nxd2 Qb6 16. e3 Na6 17. Rb1 Bf5 18. e4 Be6 19. b5 cxb5 20. Rxb5 Qd4 21. Nd5
Qxd2 22. Qxa6 Bxd5 0-1

[Event "Prva liga Centralne Srbije 2007"]
[Site "Vrnjacka Banja"]
[Date "2007.10.07"]
[Round "5.4"]
[White "Jonic, Vladimir"]
[Black "Zivkovic, Momcilo"]
[Result "1/2-1/2"]
[WhiteElo "2208"]
[BlackElo "2147"]
[PlyCount "68"]
[EventDate "2007.09.09"]

1. e4 e6 2. d4 d5 3. Nc3 dxe4 4. Nxe4 Nf6 5. Bg5 Be7 6. Bxf6 Bxf6 7. Nf3 Bd7 8.
Bd3 Bc6 9. c3 Nd7 10. Qe2 Qe7 11. O-O O-O 12. Rfe1 g6 13. Qe3 Bg7 14. Qf4 e5
15. Qg3 Rfe8 16. Neg5 Bxf3 17. Nxf3 Qd6 18. Bb5 c6 19. Bc4 Qf6 20. Ng5 Rf8 21.
Nxh7 Kxh7 22. Qh3+ Kg8 23. Qxd7 exd4 24. Re4 Qf5 25. Qxf5 gxf5 26. Rf4 dxc3 27.
bxc3 b5 28. Bb3 c5 29. Rxf5 c4 30. Bc2 Bxc3 31. Rd1 Rfd8 32. Rxb5 Rab8 33. Rxb8
Rxb8 34. Be4 Be5 1/2-1/2

[Event "Prva liga Centralne Srbije 2007"]
[Site "Vrnjacka Banja"]
[Date "2007.10.07"]
[Round "5.5"]
[White "Trifunovic, Miroljub"]
[Black "Ilincic, Zlatko"]
[Result "0-1"]
[WhiteElo "2270"]
[BlackElo "2509"]
[PlyCount "115"]
[EventDate "2007.09.09"]

1. d4 Nf6 2. Nf3 g6 3. b3 a5 4. Bb2 a4 5. g3 d5 6. Bg2 Bg7 7. O-O O-O 8. c4 c6
9. Ne5 Nbd7 10. Nxd7 Bxd7 11. Qc1 Ne4 12. f3 Nd6 13. c5 Nb5 14. e3 Re8 15. f4
f6 16. bxa4 Rxa4 17. Qc2 Qa5 18. Nd2 Bf5 19. e4 dxe4 20. Nb3 Qd8 21. Bxe4 Bxe4
22. Qxe4 e5 23. f5 exd4 24. Qg4 Qd7 25. Rad1 Bh6 26. Bc1 Bxc1 27. Nxc1 Nc3 28.
Rd3 Re4 29. Qf3 g5 30. Qf2 Qe7 31. Qc2 Rb4 32. Nb3 Re2 33. Rd2 Qe3+ 34. Kh1 Re1
35. Rxe1 Qxe1+ 36. Kg2 Nd5 37. Qd3 Ne3+ 38. Kh3 Kg7 39. Qe2 Qxe2 40. Rxe2 Nxf5
41. Re4 h5 42. Kg2 Rc4 43. h3 Rc2+ 44. Kg1 Nxg3 45. Re7+ Kf8 46. Rxb7 Ne2+ 47.
Kf1 Rxa2 48. Rd7 f5 49. Ke1 g4 50. hxg4 hxg4 51. Nd2 Ng1 52. Rd8+ Ke7 53. Rg8
d3 54. Rg6 Kf7 55. Rxc6 g3 56. Rc7+ Ke8 57. Rg7 Ra1+ 58. Nb1 0-1

[Event "Prva liga Centralne Srbije 2007"]
[Site "Vrnjacka Banja"]
[Date "2007.10.07"]
[Round "5.5"]
[White "Milanovic, Danilo"]
[Black "Cvetkovic, Nemanja"]
[Result "1-0"]
[WhiteElo "2495"]
[BlackElo "2276"]
[PlyCount "91"]
[EventDate "2007.09.09"]

1. d4 d5 2. c4 c6 3. Nf3 Nf6 4. Nc3 e6 5. e3 Nbd7 6. Qc2 Bd6 7. g4 h6 8. Rg1 e5
9. h4 exd4 10. exd4 dxc4 11. Bxc4 Nb6 12. Be2 Nxg4 13. Qe4+ Be7 14. Rxg4 f5 15.
Qe5 fxg4 16. Qxg7 Bf6 17. Qg6+ Ke7 18. Ne5 Be6 19. Ne4 Bxe5 20. dxe5 Qf8 21.
Be3 Qf7 22. Bc5+ Kd8 23. Qxf7 Bxf7 24. Bxg4 Bd5 25. Nf6 Nc4 26. O-O-O Kc7 27.
f4 b6 28. Bf2 Rad8 29. b3 Na5 30. Rg1 c5 31. Bh5 Rhf8 32. Rg7+ Kc6 33. Rxa7 Kb5
34. Be2+ Kc6 35. Be3 c4 36. b4 Nb7 37. Nxd5 Kxd5 38. Bf3+ Ke6 39. Rxb7 Rd3 40.
Bg4+ Kd5 41. Bf3+ Ke6 42. Bg4+ Kd5 43. Rd7+ Ke4 44. Rxd3 Kxd3 45. e6 Rg8 46.
Bh5 1-0

[Event "Prva liga Centralne Srbije 2007"]
[Site "Vrnjacka Banja"]
[Date "2007.10.07"]
[Round "5.5"]
[White "Ravic, Nenad"]
[Black "Nikolic, Zivoslav"]
[Result "0-1"]
[WhiteElo "2128"]
[BlackElo "2417"]
[PlyCount "82"]
[EventDate "2007.09.09"]

1. e4 e6 2. d4 d5 3. Nc3 Bb4 4. e5 c5 5. a3 Bxc3+ 6. bxc3 Ne7 7. Qg4 Kf8 8. Bd3
Qa5 9. Bd2 c4 10. Be2 Qa4 11. Ra2 Qb5 12. Ra1 Qb2 13. Rc1 Qxa3 14. Nf3 Nbc6 15.
O-O Qb2 16. Qh5 h6 17. g4 Kg8 18. Kh1 a5 19. Rg1 a4 20. g5 hxg5 21. Qxg5 Ng6
22. Qe3 Nce7 23. Rb1 Qxc2 24. Rbc1 Qf5 25. Ng5 Rh4 26. Rg3 a3 27. Rf3 a2 28.
Rxf5 Nxf5 29. Ra1 Nxe3 30. fxe3 f5 31. Nf3 Rh7 32. Ne1 Bd7 33. Nc2 Nh4 34. Nb4
Kf7 35. Rxa2 Rxa2 36. Nxa2 g5 37. Nb4 Kg6 38. Nc2 Rh8 39. Kg1 Ra8 40. Nb4 Ra1+
41. Kf2 Ba4 0-1

[Event "Prva liga Centralne Srbije 2007"]
[Site "Vrnjacka Banja"]
[Date "2007.10.07"]
[Round "5.5"]
[White "Jakovljevic, Zivota"]
[Black "Jovanovic, Drasko"]
[Result "0-1"]
[WhiteElo "2131"]
[BlackElo "2250"]
[PlyCount "119"]
[EventDate "2007.09.09"]

1. d4 Nf6 2. c4 a6 3. Nc3 c5 4. d5 b5 5. cxb5 axb5 6. Nxb5 Qa5+ 7. Nc3 Bb7 8.
Bd2 Qb6 9. e4 e6 10. dxe6 fxe6 11. e5 Nd5 12. b3 Nc6 13. Nf3 Nd4 14. Nxd4 cxd4
15. Nxd5 Bxd5 16. Bd3 g6 17. O-O Bg7 18. Qe2 Qb7 19. f4 Ra3 20. Bc1 Ra7 21. Bb2
O-O 22. Bxd4 Ra5 23. Rac1 Rfa8 24. Bb1 Bc6 25. Qd2 Bf8 26. h3 Ba3 27. Rcd1 Bb4
28. Qf2 Bb5 29. Bd3 Rxa2 30. Qg3 Bxd3 31. Rxd3 Qe4 32. Qf3 Re2 33. Qxe4 Rxe4
34. Kh2 Ra2 35. Kg3 Ree2 36. Rg1 Kf8 37. Kf3 h5 38. Be3 Ke8 39. g3 Be1 40. Bc5
Rab2 41. Bd4 Rbc2 42. Re3 Rf2+ 43. Ke4 Bd2 44. Rd3 Re2+ 45. Kf3 Be1 46. Re3
Rf2+ 47. Ke4 Bd2 48. Rd3 Re2+ 49. Kf3 Be1 50. Rd1 Bb4 51. Rc1 Rcd2 52. Rgd1 Rh2
53. Rxd2 Rxd2 54. Ke4 Rg2 55. Rg1 Rd2 56. Rf1 Ke7 57. Rf3 Rd1 58. Bc3 d5+ 59.
exd6+ Bxd6 60. Rd3 0-1

[Event "Prva liga Centralne Srbije 2007"]
[Site "Vrnjacka Banja"]
[Date "2007.10.07"]
[Round "5.5"]
[White "Skakic, Zeljko"]
[Black "Klcesko, Nebojsa"]
[Result "1-0"]
[WhiteElo "2211"]
[BlackElo "1887"]
[PlyCount "123"]
[EventDate "2007.09.09"]

1. d4 d5 2. c4 e6 3. Nc3 Nf6 4. cxd5 exd5 5. Bg5 Be7 6. Qc2 O-O 7. e3 Be6 8.
Bd3 h6 9. Bh4 c5 10. dxc5 Bxc5 11. Nf3 d4 12. exd4 Bxd4 13. Rd1 Bxc3+ 14. Qxc3
Nbd7 15. O-O Rc8 16. Qa3 Qb6 17. Bb1 Qc5 18. Qxc5 Rxc5 19. Nd4 Bd5 20. Nf5 Re8
21. b4 Rc3 22. Rd2 Bc6 23. Nd6 Re5 24. b5 Bd5 25. Bg3 Re7 26. f3 g6 27. Rfd1
Nb6 28. Bf2 Nfd7 29. Bd4 Rc7 30. Kf2 Re6 31. Ne4 f5 32. Nc3 Bc4 33. Be3 Kg7 34.
Bd4+ Kf7 35. h4 Nf6 36. a4 Bb3 37. Rc1 Nxa4 38. Rd3 Nxc3 39. Rdxc3 Rxc3 40.
Rxc3 Bd5 41. Bxa7 Re7 42. Bd4 Ke6 43. b6 Bc6 44. Ba2+ Nd5 45. Re3+ Kd7 46. Rd3
Nb4 47. Rd2 Nd5 48. Bc5 Re8 49. Bxd5 Bxd5 50. Rxd5+ Kc6 51. Rd6+ Kxc5 52. Rxg6
Rh8 53. Kg3 h5 54. Kf4 Rf8 55. Kg5 Kd4 56. Kxh5 Ke3 57. Kg5 f4 58. h5 Kf2 59.
Kh4 Rf7 60. h6 Rh7 61. Kh5 Rh8 62. Rg7 1-0

[Event "Prva liga Centralne Srbije 2007"]
[Site "Vrnjacka Banja"]
[Date "2007.10.07"]
[Round "5.6"]
[White "Mitrovic, Petar"]
[Black "Bogosavljevic, Boban"]
[Result "0-1"]
[WhiteElo "2374"]
[BlackElo "2491"]
[PlyCount "86"]
[EventDate "2007.09.09"]

1. f4 Nf6 2. Nf3 c5 3. g3 Nc6 4. Bg2 d5 5. O-O e6 6. d3 Be7 7. Kh1 O-O 8. Qe1
d4 9. e4 dxe3 10. Bxe3 Nd5 11. Bg1 b6 12. Nbd2 Bb7 13. c3 Qc7 14. Rd1 Rad8 15.
Qe2 h6 16. Nc4 Bf6 17. Nce5 Nxe5 18. fxe5 Be7 19. h3 b5 20. Bh2 Nb6 21. g4 c4
22. d4 Na4 23. Qc2 Nb6 24. Rf2 b4 25. Re1 bxc3 26. bxc3 Nd5 27. Rfe2 Qa5 28.
Nd2 Bh4 29. Nxc4 Qc7 30. Nd6 Bxe1 31. Nxb7 Qxb7 32. Rxe1 Rc8 33. Bf4 Qb4 34.
Bxd5 exd5 35. Rc1 Qb6 36. Qg2 Qe6 37. g5 h5 38. Bd2 Rb8 39. c4 dxc4 40. Bc3 Qf5
41. d5 Rb1 42. Rxb1 Qxb1+ 43. Kh2 Qd3 0-1

[Event "Prva liga Centralne Srbije 2007"]
[Site "Vrnjacka Banja"]
[Date "2007.10.07"]
[Round "5.6"]
[White "Miljkovic, Miroslav"]
[Black "Milunovic, Toni"]
[Result "1-0"]
[WhiteElo "2405"]
[BlackElo "2317"]
[PlyCount "69"]
[EventDate "2007.09.09"]

1. d4 c5 2. d5 e5 3. e4 Nf6 4. Nc3 d6 5. h3 Be7 6. Nf3 O-O 7. a4 Ne8 8. g4 b6
9. Be3 a6 10. Ne2 Nd7 11. Ng3 Rb8 12. Qd2 b5 13. axb5 axb5 14. Be2 b4 15. O-O
Nb6 16. Kh2 Kh8 17. Ra7 Rb7 18. Rfa1 Qc7 19. Rxb7 Bxb7 20. c3 bxc3 21. bxc3 Bc8
22. Qa2 Bd7 23. Qa7 Qd8 24. Rb1 Nc8 25. Qb7 g6 26. Ra1 Ng7 27. Bh6 Rg8 28. Ra8
Ne8 29. Rb8 Nc7 30. Bd2 Ne8 31. Bb5 Nc7 32. Bxd7 Qxd7 33. c4 h5 34. g5 h4 35.
Ne2 1-0

[Event "Prva liga Centralne Srbije 2007"]
[Site "Vrnjacka Banja"]
[Date "2007.10.07"]
[Round "5.6"]
[White "Dmitrovic, Tomislav"]
[Black "Perunovic, Miodrag"]
[Result "0-1"]
[WhiteElo "2266"]
[BlackElo "2368"]
[PlyCount "46"]
[EventDate "2007.09.09"]

1. Nf3 Nf6 2. g3 b6 3. Bg2 Bb7 4. O-O c5 5. d3 e6 6. e4 d6 7. c3 Be7 8. Re1
Nbd7 9. Nbd2 O-O 10. Qe2 Qc7 11. h3 Ne5 12. Nf1 Rad8 13. N3h2 c4 14. dxc4 Nxc4
15. b3 Ne5 16. Bb2 Rfe8 17. Ng4 Nexg4 18. hxg4 d5 19. e5 Ne4 20. Bxe4 dxe4 21.
Rad1 Rd3 22. Ne3 Red8 23. Bc1 Qxe5 0-1

[Event "Prva liga Centralne Srbije 2007"]
[Site "Vrnjacka Banja"]
[Date "2007.10.07"]
[Round "5.6"]
[White "Maksimovic, Branimir"]
[Black "Rajkovic, Ljubomir"]
[Result "1-0"]
[WhiteElo "2362"]
[BlackElo "2208"]
[PlyCount "61"]
[EventDate "2007.09.09"]

1. d4 Nf6 2. Nf3 g6 3. c4 Bg7 4. Nc3 O-O 5. e4 d6 6. Be2 c6 7. O-O Nbd7 8. e5
Ne8 9. Bg5 f6 10. exf6 Ndxf6 11. Qd2 Nc7 12. d5 c5 13. Rfe1 Bg4 14. Nh4 Qd7 15.
f3 Bf5 16. g4 Nxg4 17. Nxf5 Qxf5 18. fxg4 Qf2+ 19. Kh1 Be5 20. Bf1 Qxd2 21.
Bxd2 Rf2 22. Rxe5 dxe5 23. Ne4 Rf3 24. Be2 Rf7 25. Nxc5 Raf8 26. Be3 b5 27. Nd7
Rc8 28. Nxe5 Rf6 29. Bxa7 bxc4 30. Bxc4 Rd8 31. Bc5 1-0